01238nam a2200229 a 4500001001000000003000400010005001700014008004100031020001500072040002500087082002400112100003400136245012800170260010600298300004700404500006700451504003400518505034900552650000600901650005100907651005000958000025495OSt20250621074007.0110217s1999 dr 000 0 spa d a8460576841 aDO-SdBNPbspacBNPHU 4a324.27293bJ61p2221 aJiménez Polanco, Jacqueline14aLos partidos en la República Dominicana :bactividad electoral y desarrollo organizativo /cJacqueline Jiménez Polanco. aSanto Domingo :bCentenario,bDistribución, Facultad Latinoamericana de Ciencias Sociales, c1999. a593 p. :bil., gráfcs., tabls. ;c23 cm. aIncluye datos biográficos de la autora en la contracubierta  aBibliografía : p. 563-593.  aPrólogo -- El sistema político y la competencia interpartidista -- Del faccionalismo al antipartidismo: El régimen autoritario de Trujillo, 1930-1961 -- Del atipartidismo al pluripartidismo : La paulatina transición política -- El sistema electoral y la representación política -- Estudio organizativo de los partidos dominantes.  4y  aRepública DominicanaxPolítica y gobierno  0aRepública DominicanaxPolítica y gobierno